Methoden der Sprachlehr- und Sprachlernforschung. Band 2, Forschungsbeispiele aus dem Bereich des Deutschen als Fremdsprache und Zweitsprache /

Korporativní autor: Masarykova univerzita. Katedra německého jazyka a literatury
Další autoři: Janíková, Věra, 1956-, Sorger, Brigitte
Jazyk: Němčina
Vydáno: Brno : Masarykova univerzita, 2009
Vydání: 1. vyd.
Edice: Sborník prací Pedagogické fakulty Masarykovy univerzity v Brně ; Řada cizích jazyků ; sv. 240. č. 17
Témata:
Externí odkaz: Digitalizovaný dokument
Fyzický popis: 81 s. : il. ; 21 cm
Knihy
Uloženo v:
LEADER 02424nam a2200529 a 4500
001 nkc20102104197
003 CZ PrNK
005 20100618115844.0
007 ta
008 100429s2009 xr a e 000 0 ger
015 |a cnb002104197 
020 |a 978-80-210-5075-4  |q (brož.) 
035 |a (OCoLC)649801778 
040 |a BOA001  |b cze  |d ABA001  |d OLA001 
072 7 |a 811.112.2  |x Němčina  |2 Konspekt  |9 11 
080 |a 811.112.2  |2 MRF 
080 |a 81'24  |2 MRF 
080 |a 37.016.026  |2 MRF 
080 |a (062.552)  |2 MRF 
245 0 0 |a Methoden der Sprachlehr- und Sprachlernforschung.  |n Band 2,  |p Forschungsbeispiele aus dem Bereich des Deutschen als Fremdsprache und Zweitsprache /  |c Věra Janíkova, Brigitte Sorger (Hrsg.) 
246 3 0 |a Forschungsbeispiele aus dem Bereich des Deutschen als Fremdsprache und Zweitsprache 
250 |a 1. vyd. 
260 |a Brno :  |b Masarykova univerzita,  |c 2009 
300 |a 81 s. :  |b il. ;  |c 21 cm 
490 1 |a Sborník prací Pedagogické fakulty Masarykovy univerzity v Brně ;  |v sv. 240.  |a Řada cizích jazyků ;  |v č. 17 
500 |a Nad názvem: Masaryk-Universität, Pädagogischen [i.e. Pädagogische] Fakultät, Lehrstuhl für deutsche Sprache und Literatur 
500 |a 50 výt. 
504 |a Obsahuje bibliografie a bibliografické odkazy 
650 0 7 |a němčina  |7 ph115512  |2 czenas 
650 0 7 |a jazyková výuka  |7 ph162894  |2 czenas 
650 0 7 |a předmětová didaktika  |7 ph162893  |2 czenas 
650 0 9 |a German language  |2 eczenas 
650 0 9 |a language teaching and learning  |2 eczenas 
650 0 9 |a teaching school subjects  |2 eczenas 
655 7 |a sborníky  |7 fd724344  |2 czenas 
655 9 |a papers  |2 eczenas 
700 1 |a Janíková, Věra,  |d 1956-  |7 mzk2002160805  |4 edt 
700 1 |a Sorger, Brigitte  |7 mzk2009502265  |4 edt 
710 2 |a Masarykova univerzita.  |b Katedra německého jazyka a literatury  |7 mzk2002188347 
810 2 |a Masarykova univerzita.  |b Pedagogická fakulta.  |t Sborník prací.  |p Řada cizích jazyků  |0 s 
856 4 1 |u http://www.digitalniknihovna.cz/mzk/uuid/uuid:9978e320-c3aa-11e3-aec3-005056827e52  |y Digitalizovaný dokument  |x NDK 
910 2 |a BOA001  |b 2-1220.958,2 
990 |a BK 
995 |a 01 
991 |b 201005 
996 6 |b 2610434164  |c 2-1220.958,2  |l MZK  |r Sklad / do 1 hodiny  |n 1  |p p.v.  |w 001121176  |u 000010  |a 1  |e BOA001  |j MZK50  |s P 
996 7 |b 2610434165  |c 2-1220.958,2  |l MZK  |r Sklad / do 1 hodiny  |n 20  |p p.v.  |w 001121176  |u 000020  |a 1  |e BOA001  |j MZK50  |s A